Responses for show #3493 - Wednesday, November 10, 1999

1999-B Teen Tournament semifinal game 3.
From the Theater at Madison Square Garden, New York City.

Contestants

Chrissy Ijams, a sophomore from Modesto, California

Emily Deveau, a junior from St. Johns, Michigan

Elizabeth Norton, a junior from Campton, New Hampshire

Jeopardy! Round responses

FAMOUS NEW YORKERS
ISLANDS
AUDIO BOOKS
CIVIL WAR SONGS
HOLLYWOOD HEARTTHROBS
IN THE THESAURUS
    $100 6
Mel Gibson

Triple Stumper
    $100 26
Hawaii

Elizabeth
    $100 21
Paul Reiser

Emily
    $100 11
"Dixie"

Chrissy
    $100 1
Keanu Reeves

Elizabeth
    $100 15
Happiness

Emily
    $200 7
Bob Costas

Chrissy
    $200 27
North Island

Elizabeth
    $200 22
"Hannibal"

Chrissy
    $200 12
"The Battle Hymn of the Republic"

Chrissy
    $200 2
Matthew Fox

Chrissy
    $200 16
Fancy

Emily
    $300 8
Franklin D. Roosevelt

Emily
    $300 28
Sicily

Elizabeth
    $300 23
George Stephanopoulos

Chrissy
    $300 13
(Emily: What are black-eyed peas?)

Peanuts

EmilyChrissy
    $300 3
Brendan Fraser

Elizabeth
    $300 17
Yield

Chrissy
    $400 9
(Alex: Long before your time!)

Al Capone

Triple Stumper
    $400 29
Jamaica

Chrissy
    $400 24
(and we have a minute to go...)

Highly Effective People

Emily
    $500 14
(C: Who is Robert E. Lee?)

William Tecumseh Sherman

Chrissy
    $400 4
Freddie Prinze, Jr.

Emily
    $400 18
White

Chrissy
    $500 10
George Gershwin

Emily
    $500 30
Key West

Emily
    $500 25
Jon Krakauer

Chrissy
    $500 20
"When Johnny Comes Marching Home"

Emily
    $500 5
Antonio Banderas

Emily
    $500 19
Curse

Emily

Scores at the first commercial break (after clue 14):

Elizabeth Emily Chrissy
$400 $1,400 $500

Scores at the end of the Jeopardy! Round:

Elizabeth Emily Chrissy
$1,000 $3,700 $2,600

Double Jeopardy! Round responses

TEENS IN LITERATURE
TRANSPORTATION
SENATORS BY STATE
THE PHANTOM MENACE
THE 1830s
UNDER THE "C"
    $200 1
Scarlett O'Hara

Chrissy
    $200 13
Ambulance

Emily
    $200 11
Massachusetts

Elizabeth
    $200 18
George Lucas

Chrissy
    $200 23
Liberty Bell

Emily
    $200 6
Cairo

Chrissy
    $400 2
Holden Caulfield

Emily
    $400 14
Biplane

Emily
    $400 12
Virginia

Triple Stumper
    $400 19
Jabba the Hutt

Elizabeth
    $400 24
James Gamble

Elizabeth
    $400 7
Charcoal

Emily
    $800 3
(Emily: Who is Jo?)

Meg

Emily
    $600 15
Catamaran

Emily
    $800 25
(Elizabeth: What is Tennessee?)

Texas

Elizabeth
    $600 20
(Elizabeth: Who is R2-D2?)

C-3PO

ElizabethEmily
    $600 28
Fur

Elizabeth
    $600 8
Clone

Emily
    $800 4
"Of Human Bondage"

Triple Stumper
    $800 16
Helicopter

Elizabeth
    $800 26
Tennessee

Triple Stumper
    $800 21
Tatooine

Emily
    $800 29
Simon Bolivar

Triple Stumper
    $800 9
Convent

Emily
    $1000 5
"Sister Carrie"

Emily
    $1000 17
Gurney

Chrissy
    $1000 27
Connecticut

Triple Stumper
    $1000 22
Darth Maul

Emily
    $1000 30
Windsor

Emily
    $1000 10
Contact lenses

Elizabeth

Scores at the end of the Double Jeopardy! Round:

Elizabeth Emily Chrissy
$3,000 $10,900 $4,200
(lock game)

[wagering suggestions for these scores]

Final Jeopardy! Round responses

AFRICA
ElizabethWhat is South Africa?
$2,994
ChrissyWhat is South Africa?
$4,200
EmilyWhat is South Africa
$0
Liberia

Final scores:

Elizabeth Emily Chrissy
$6 $10,900 $0
2nd place: $5,000 Finalist 3rd place: $5,000

Game dynamics:

Coryat scores:

Elizabeth Emily Chrissy
$3,800 $11,700 $4,700
11 R,
2 W
(including 1 DD)
24 R,
2 W
(including 1 DD)
15 R,
1 W
(including 1 DD)

Combined Coryat: $20,200

The J! Archive is created by fans, for fans. The Jeopardy! game show and all elements thereof, including but not limited to copyright and trademark thereto, are the property of Jeopardy Productions, Inc. and are protected under law. This website is not affiliated with, sponsored by, or operated by Jeopardy Productions, Inc. Join the discussion at JBoard.tv.